Normal view MARC view
  • Osborne/McGraw-Hill

Entry Corporate Name

Number of records used in: 1

001 - CONTROL NUMBER

  • control field: 112238

003 - CONTROL NUMBER IDENTIFIER

  • control field: NUST

005 - DATE AND TIME OF LATEST TRANSACTION

  • control field: 20230509123027.0

008 - FIXED-LENGTH DATA ELEMENTS

  • fixed length control field: 230509|| aca||aabn | a|a d

040 ## - CATALOGING SOURCE

  • Original cataloging agency: NUST
  • Transcribing agency: NUST

110 ## - HEADING--CORPORATE NAME

  • Corporate name or jurisdiction name as entry element: Osborne/McGraw-Hill

670 ## - SOURCE DATA FOUND

  • Source citation: Work cat.: (NUST)179801: Sachs, Jonathan. 112237, CP/M-86 user's guide /, c1985.
© 2023 Central Library, National University of Sciences and Technology. All Rights Reserved.